000
00313nam a22001337a 4500
008
170523b xxu||||| |||| 00| 0 eng d
020
_a
393005119
041
_a
eng
080
_a
94(7/8)
100
_a
16
101
_a
SHH
245
_a
AMERICAN DIPLOMACY IN THE GREAT DEPRESION
_c
FERRELL, R.H
942
_2
udc
_c
BK
999
_c
13893
_d
13893